<?xml version="1.0" encoding="UTF-8"?><?xml-stylesheet type="text/xsl" href="static/style.xsl"?><OAI-PMH xmlns="http://www.openarchives.org/OAI/2.0/" xmlns:xsi="http://www.w3.org/2001/XMLSchema-instance" xsi:schemaLocation="http://www.openarchives.org/OAI/2.0/ http://www.openarchives.org/OAI/2.0/OAI-PMH.xsd"><responseDate>2026-06-03T11:46:33Z</responseDate><request verb="GetRecord" identifier="oai:riuma.uma.es:10630/16359" metadataPrefix="marc">https://riuma.uma.es/rest/oai/request</request><GetRecord><record><header><identifier>oai:riuma.uma.es:10630/16359</identifier><datestamp>2026-02-03T12:24:05Z</datestamp><setSpec>com_10630_2254</setSpec><setSpec>col_10630_37959</setSpec></header><metadata><record xmlns="http://www.loc.gov/MARC21/slim" xmlns:dcterms="http://purl.org/dc/terms/" xmlns:doc="http://www.lyncode.com/xoai" xmlns:xsi="http://www.w3.org/2001/XMLSchema-instance" xsi:schemaLocation="http://www.loc.gov/MARC21/slim http://www.loc.gov/standards/marcxml/schema/MARC21slim.xsd">
   <leader>00925njm 22002777a 4500</leader>
   <datafield ind2=" " ind1=" " tag="042">
      <subfield code="a">dc</subfield>
   </datafield>
   <datafield ind2=" " ind1=" " tag="720">
      <subfield code="a">Rojas-Jiménez, Alejandro</subfield>
      <subfield code="e">author</subfield>
   </datafield>
   <datafield ind2=" " ind1=" " tag="260">
      <subfield code="c">2018-07-26</subfield>
   </datafield>
   <datafield ind2=" " ind1=" " tag="520">
      <subfield code="a">Resumen ponencia 1 “Heidegger and Schelling"&#xd;
La intención en esta ponencia era doble. Por un lado sacar a la luz dos experiencias &#xd;
de acabamiento que marcan las filosofías respectivas del Heidegger I y el llamado &#xd;
Heidegger II. Por un lado la experiencia de la muerte, central en la obra de 1927. &#xd;
Por  otro  lado  la  experiencia  que  al  parecer,  según  cuenta  Gadamer,  sufrió &#xd;
Heidegger en 1933 y precipitó su dimensión de rectorado y el inicio del llamado &#xd;
Heidegger II: la experiencia, al ver a los nuevos funcionarios en Karlsruhe, de que &#xd;
nuestros proyectos auténticos (los de 1927) eran sólo proyectos cuyo resultado no &#xd;
estaba en nuestras manos. Descubierta la finitud de nuestros proyectos, la filosofía &#xd;
del Heidegger II parece desarrollarse intentando comprender nuestra pertenencia &#xd;
a una historia que no podemos dirigir. La otra intención de esta ponencia era sacar &#xd;
a  la  luz  a  su  vez  los  posibles  compañeros  de  viaje  de  Heidegger,  en  este  caso &#xd;
comentaremos su relación con Dilthey, San Agustín y Schelling.</subfield>
   </datafield>
   <datafield ind1="8" ind2=" " tag="024">
      <subfield code="a">https://hdl.handle.net/10630/16359</subfield>
   </datafield>
   <datafield tag="653" ind2=" " ind1=" ">
      <subfield code="a">Heidegger, Martin - Crítica e interpretación</subfield>
   </datafield>
   <datafield tag="653" ind2=" " ind1=" ">
      <subfield code="a">Schelling, Friedrich - Crítica e interpretación</subfield>
   </datafield>
   <datafield ind2="0" ind1="0" tag="245">
      <subfield code="a">Martin Heidegger's Sein Und Zeit</subfield>
   </datafield>
</record>
</metadata></record></GetRecord></OAI-PMH>